[Event "Badalona op-C 41st"]
[Site "Badalona"]
[Date "2015.08.04"]
[Round "3.10"]
[White "Beltran Vidal, Daniel"]
[Black "Gomez Albamonte, Sonia"]
[Result "1/2-1/2"]
[WhiteElo "1863"]
[BlackElo "1776"]
[PlyCount "94"]
[EventDate "2015.08.02"]
[EventType "swiss"]
[EventRounds "9"]
[EventCountry "ESP"]
[SourceTitle "EXT 2024"]
[Source "ChessBase"]
[SourceDate "2023.10.10"]
[SourceVersion "1"]
[SourceVersionDate "2023.10.10"]
[SourceQuality "1"]

1. d4 c6 2. c4 d5 3. Nf3 Nf6 4. Nc3 Bf5 5. cxd5 cxd5 6. e3 Qc7 7. Qb3 e6 8. Be2 Be7 9. Ne5 0-0 10. g4 Be4 11. f3 Bg6 12. h4 h5 13. Nxg6 fxg6 14. Rg1 Qh2 15. g5 Qxg1+ 16. Kd2 b6 17. gxf6 Bxf6 18. Nxd5 Nc6 19. Nf4 Nxd4 20. exd4 Qxd4+ 21. Nd3 Rac8 22. Qxe6+ Kh7 23. Qe4 Qxe4 24. fxe4 Bxh4 25. Kd1 Rfe8 26. e5 Bg3 27. Bg5 Bxe5 28. Rc1 Rxc1+ 29. Kxc1 Bxb2+ 30. Kd2 Bf6 31. Be3 h4 32. Nf4 g5 33. Nh3 Kh6 34. Nf2 Rd8+ 35. Kc2 Kh7 36. Nh3 Re8 37. Kd3 Re5 38. Bd2 Rd5+ 39. Kc2 Re5 40. Kd3 b5 41. Bf3 a6 42. Bc3 Re6 43. Bb4 Kh6 44. Bd2 Rd6+ 45. Kc2 Re6 46. Kd3 Rd6+ 47. Kc2 Re6 1/2-1/2

[Event "Badalona op-C 41st"]
[Site "Badalona"]
[Date "2015.08.03"]
[Round "2.7"]
[White "Gomez Albamonte, Sonia"]
[Black "Vegara Gallego, Pere"]
[Result "1/2-1/2"]
[WhiteElo "1776"]
[BlackElo "1873"]
[PlyCount "56"]
[EventDate "2015.08.02"]
[EventType "swiss"]
[EventRounds "9"]
[EventCountry "ESP"]
[SourceTitle "EXT 2024"]
[Source "ChessBase"]
[SourceDate "2023.10.10"]
[SourceVersion "1"]
[SourceVersionDate "2023.10.10"]
[SourceQuality "1"]

1. c4 d5 2. cxd5 Nf6 3. Nc3 Nxd5 4. e4 Nb6 5. d4 g6 6. Nf3 Bg7 7. Be2 Bg4 8. Be3 0-0 9. 0-0 c6 10. Qd3 Na6 11. a3 e6 12. Rfd1 Qe7 13. b4 Rad8 14. Qc2 Bxf3 15. Bxf3 Nc7 16. Be2 Nd7 17. Rac1 Nf6 18. Bg5 Qe8 19. e5 Nfd5 20. Bxd8 Qxd8 21. Nxd5 Nxd5 22. Bc4 Ne7 23. Rb1 Nf5 24. Qe4 Qc7 25. Rb3 Rd8 26. Rbd3 a6 27. h4 h5 28. Rg3 Bxe5 1/2-1/2

[Event "Foment Martinenc op-C 17th"]
[Site "Barcelona"]
[Date "2015.06.06"]
[Round "7"]
[White "De Blois Afanasiyadi, Natasha"]
[Black "Gomez Albamonte, Sonia"]
[Result "0-1"]
[WhiteElo "1788"]
[BlackElo "1741"]
[PlyCount "104"]
[EventDate "2015.04.25"]
[EventType "swiss"]
[EventRounds "9"]
[EventCountry "ESP"]
[SourceTitle "EXT 2017"]
[Source "ChessBase"]
[SourceDate "2016.10.25"]
[SourceVersion "1"]
[SourceVersionDate "2016.10.25"]
[SourceQuality "1"]

1. e4 c6 2. d4 d5 3. exd5 cxd5 4. c3 Nf6 5. Bd3 Nc6 6. Nf3 Bg4 7. Bf4 e6 8. Nbd2 Bd6 9. Bg3 Qc7 10. Qc2 h6 11. 0-0-0 Rc8 12. Rde1 Bxf3 13. Nxf3 Bf4+ 14. Kb1 Bd6 15. Bf5 Nd8 16. Re2 0-0 17. Bd3 Qb6 18. Bxd6 Qxd6 19. Ne5 Nc6 20. g4 Nxd4 21. Qd2 Nxe2 22. Qxe2 Ne4 23. f3 Qxe5 24. fxe4 Rfd8 25. Rf1 g6 26. Qf3 Rc7 27. Qh3 Kg7 28. Qh4 Rdc8 29. Bc2 d4 30. Qg3 Qxg3 31. hxg3 dxc3 32. Bb3 cxb2 33. Kxb2 Rd8 34. Rf2 Rc5 35. a4 b6 36. Ka3 Rd3 37. Rg2 Rcc3 38. Rb2 Rxg3 39. Ka2 Rxg4 40. e5 h5 41. Bd1 Rd4 42. Rb1 Rcd3 43. Bc2 Rd2 44. Kb2 Rb4+ 45. Kc1 Rxb1+ 46. Kxb1 g5 47. Kc1 Rd4 48. Bd1 h4 49. Bf3 g4 50. Bg2 h3 51. Bh1 g3 52. Kc2 g2 0-1

[Event "Barcelona La Lira op 33rd"]
[Site "Barcelona"]
[Date "2015.01.30"]
[Round "3"]
[White "Martinez Hernandez, Emili"]
[Black "Gomez Albamonte, Sonia"]
[Result "1-0"]
[WhiteElo "1809"]
[BlackElo "1512"]
[PlyCount "89"]
[EventDate "2015.01.16"]
[EventType "swiss"]
[EventRounds "9"]
[EventCountry "ESP"]
[SourceTitle "EXT 2016"]
[Source "ChessBase"]
[SourceDate "2015.10.08"]
[SourceVersion "1"]
[SourceVersionDate "2015.10.08"]
[SourceQuality "1"]

1. e4 c6 2. Nc3 d5 3. exd5 cxd5 4. Bb5+ Nc6 5. Nf3 a6 6. Bxc6+ bxc6 7. d4 e6 8. Ne5 Qc7 9. Bf4 Bd6 10. Bg3 c5 11. Nf3 Bxg3 12. hxg3 Nf6 13. dxc5 Qxc5 14. Qd4 Qxd4 15. Nxd4 Bd7 16. Nf3 Rb8 17. 0-0-0 Ke7 18. Ne5 Rb7 19. Nxd7 Kxd7 20. Na4 Rc8 21. Rh4 Ke7 22. f3 h6 23. Rdd4 Rbc7 24. Rd2 Rc4 25. Nb6 Rxh4 26. Nxc8+ Kd7 27. gxh4 Kxc8 28. Rd4 Kb7 29. Rb4+ Kc6 30. Kd2 Nd7 31. Kc3 Nb6 32. h5 e5 33. Rg4 d4+ 34. Kd2 Nc4+ 35. Kc1 Ne3 36. Rxg7 f6 37. Rg6 Kd5 38. Rxh6 f5 39. Rxa6 Nxg2 40. h6 e4 41. fxe4+ fxe4 42. h7 e3 43. h8Q Nf4 44. Ra5+ Ke4 45. Qh1+ 1-0

[Event "Barcelona Sant Marti op-B 16th"]
[Site "Barcelona"]
[Date "2014.07.21"]
[Round "9"]
[White "Martin Palau, Roger"]
[Black "Gomez Albamonte, Sonia"]
[Result "1-0"]
[WhiteElo "1750"]
[BlackElo "1700"]
[PlyCount "69"]
[EventDate "2014.07.13"]
[EventType "swiss"]
[EventRounds "9"]
[EventCountry "ESP"]
[SourceTitle "CBM 161 Extra"]
[Source "ChessBase"]
[SourceDate "2014.08.29"]
[SourceVersion "1"]
[SourceVersionDate "2014.08.29"]
[SourceQuality "1"]

1. e4 d5 2. exd5 Qxd5 3. d4 Nf6 4. c4 Qa5+ 5. Nc3 c6 6. Nf3 Bg4 7. Be2 e6 8. Ne5 Bxe2 9. Qxe2 Nbd7 10. 0-0 Bd6 11. f4 0-0-0 12. Nxf7 Bc7 13. Nxh8 Rxh8 14. Bd2 Qf5 15. Rae1 Re8 16. Ne4 Nxe4 17. Qxe4 Qh5 18. d5 Nf6 19. Qe2 Qf5 20. dxe6 Bb6+ 21. Kh1 Ng4 22. h3 Nf6 23. b4 Qg6 24. Rf3 Re7 25. b5 c5 26. Bc3 Ne8 27. f5 Qg5 28. Qd2 Qh4 29. Rd1 Rc7 30. a4 Re7 31. a5 Bc7 32. Rd3 Nd6 33. Rxd6 Bxd6 34. Qxd6 Rc7 35. Qf8+ 1-0

[Event "Barcelona Sant Marti op-B 16th"]
[Site "Barcelona"]
[Date "2014.07.19"]
[Round "7"]
[White "Hinarejos Montano, Andres"]
[Black "Gomez Albamonte, Sonia"]
[Result "1-0"]
[WhiteElo "1837"]
[BlackElo "1700"]
[PlyCount "75"]
[EventDate "2014.07.13"]
[EventType "swiss"]
[EventRounds "9"]
[EventCountry "ESP"]
[SourceTitle "CBM 161 Extra"]
[Source "ChessBase"]
[SourceDate "2014.08.29"]
[SourceVersion "1"]
[SourceVersionDate "2014.08.29"]
[SourceQuality "1"]

1. f4 d5 2. Nf3 Bf5 3. e3 e6 4. Be2 Bd6 5. 0-0 Nf6 6. c3 0-0 7. d3 c5 8. Nh4 Re8 9. Nxf5 exf5 10. Bf3 Qc7 11. Na3 a6 12. Nc2 Nc6 13. Bd2 Rad8 14. Be1 d4 15. Bd2 dxe3 16. Bxe3 Bxf4 17. Bxf4 Qxf4 18. Bxc6 Qh4 19. Bf3 Re7 20. Qd2 Red7 21. Be2 Nd5 22. c4 Ne7 23. Qf4 Qf6 24. Rab1 g6 25. g4 Qc6 26. b3 Qe6 27. Qf3 Qf6 28. Ne3 Qd4 29. Qf4 Qg7 30. gxf5 f6 31. fxg6 Nxg6 32. Qg3 Qe7 33. Kh1 Re8 34. Rf3 Kf7 35. Rbf1 Kg8 36. R1f2 Qe6 37. Nd5 Rf7 38. Rxf6 1-0

[Event "Foment Martinenc op-B 15th"]
[Site "Barcelona"]
[Date "2013.06.15"]
[Round "9"]
[White "Orts Gonzalez, Rafael"]
[Black "Gomez Albamonte, Sonia"]
[Result "1-0"]
[WhiteElo "1254"]
[BlackElo "1764"]
[PlyCount "101"]
[EventDate "2013.04.20"]
[EventType "swiss"]
[EventRounds "9"]
[EventCountry "ESP"]
[SourceTitle "CBM 154 Extra"]
[Source "ChessBase"]
[SourceDate "2013.06.25"]
[SourceVersion "2"]
[SourceVersionDate "2013.06.25"]
[SourceQuality "1"]

1. d4 d5 2. e3 Nf6 3. b4 b6 4. a4 Bb7 5. a5 e6 6. Bd2 Be7 7. a6 Bc8 8. b5 0-0 9. g3 c5 10. bxc6 Nxc6 11. Bg2 Rb8 12. c4 e5 13. Nf3 exd4 14. cxd5 Qxd5 15. Nh4 Qe6 16. 0-0 dxe3 17. Bxe3 Qe5 18. Ra4 b5 19. Bf4 Qc5 20. Be3 Qh5 21. Ra2 Bg4 22. Qb3 Be6 23. Qb2 Bxa2 24. Qxa2 Rbc8 25. Qb3 Bc5 26. Bf3 Qe5 27. Bf4 Qe6 28. Qxb5 Bb6 29. Nf5 Rfd8 30. Nc3 h6 31. h4 Nd4 32. Nxh6+ Kh7 33. Qb1+ g6 34. Be4 Nxe4 35. Nxe4 Nf3+ 36. Kg2 Ne5 37. Ng5+ Kg7 38. Nxe6+ fxe6 39. Bxe5+ Kxh6 40. Bf4+ Kg7 41. Qb2+ Kf7 42. Bg5 Bd4 43. Qb7+ Kg8 44. Qe4 Re8 45. Qxg6+ Bg7 46. Bf6 Rc7 47. Bxg7 Rxg7 48. Qxe8+ Kh7 49. f4 Kh6 50. Qh8+ Rh7 51. Qf6+ 1-0